000 00740nam a2200253 a 4500
001 BRCA_8196
005 20190320210154.0
008 130514s1929----fr-a###f##---#001-0#fre-#
041 _afre
044 _afr
050 4 _aNK2548
_b.J36 3 1929
100 1 _aJanneau, Charles Guillaume
_99245
245 1 0 _aLes meubles III
_bfin Louis XVI- Directoire- Empire
_cpar Guillaume Janneau.
260 _aParís
_bE. Flammarion
_cc1929
300 _a62 p.
_bil., 134 láminas
_c22 cm.
440 0 _aLes Arts decoratifs
_920424
500 _aEjemplar igual a F140 (Tomo III)
500 _aVer también U52 y U53
500 _aU54
650 1 4 _aMuebles
_zFrancia
_919077
650 1 4 _aMuebles
_xHistoria
_94173
902 _aGFM
942 _2lcc
_cB
999 _c7864
_d7864